[Event "Team B15 chess final 2018"]
[Site "Sochi"]
[Date "2018.05.10"]
[Round "9.3"]
[White "Minachev, Maksim"]
[Black "Druchenko, Mikhail"]
[Result "1-0"]
[WhiteElo "2026"]
[BlackElo "1822"]
[PlyCount "91"]
[EventDate "2018.05.01"]

1. e4 e5 2. Nf3 Nc6 3. Nc3 Nf6 4. Be2 d5 5. exd5 Nxd5 6. O-O Nxc3 7. bxc3 e4 8.
Ne1 f5 9. d4 Bd6 10. f3 O-O 11. fxe4 fxe4 12. Rxf8+ Qxf8 13. g3 Bh3 14. Ng2 Qf6
15. Be3 Rf8 16. Qd2 Qg6 17. Rf1 Rxf1+ 18. Bxf1 Qf5 19. Bc4+ Kh8 20. Nf4 Bxf4
21. Bxf4 Na5 22. Be2 Qd5 23. Qe3 Nc4 24. Qf2 c6 25. g4 Qb5 26. Qh4 g5 27. Qh6
Kg8 28. Qxg5+ Qxg5 29. Bxg5 Nd6 30. Kf2 h5 31. Bf4 Ne8 32. gxh5 Nf6 33. Kg3 Be6
34. c4 Bf7 35. Kh4 b5 36. cxb5 cxb5 37. Bxb5 Nxh5 38. Be5 Ng7 39. c4 Nf5+ 40.
Kg5 Ne3 41. d5 Nxd5 42. cxd5 Bxd5 43. a4 Kf7 44. Bd4 a5 45. Bb6 Ke6 46. Kf4 1-0

[Event "Team B15 chess final 2018"]
[Site "Sochi"]
[Date "2018.05.10"]
[Round "9.4"]
[White "Smekalov, Alexei"]
[Black "Babakekhyan, Artem"]
[Result "0-1"]
[WhiteElo "1486"]
[BlackElo "2042"]
[PlyCount "78"]
[EventDate "2018.05.01"]

1. e4 c5 2. Nf3 Nc6 3. d4 cxd4 4. Nxd4 Nf6 5. Nc3 g6 6. Be3 Bg7 7. Nxc6 bxc6 8.
e5 Ng8 9. Bd4 Qa5 10. e6 Nf6 11. exf7+ Kxf7 12. Be2 e5 13. Be3 d5 14. Bd2 Qc7
15. O-O Be6 16. Bg5 Rhe8 17. Bxf6 Bxf6 18. Bg4 Kg7 19. Bxe6 Rxe6 20. Ne2 Rd8
21. f4 Re7 22. f5 Qb6+ 23. Kh1 Qxb2 24. Ng3 Qd4 25. Qf3 e4 26. Qg4 e3 27. Nh5+
Kh8 28. Nxf6 Qxf6 29. fxg6 Qxg6 30. Qh4 Qg7 31. Rae1 Rde8 32. Rf4 e2 33. Qf2
Qe5 34. Rf5 Qg7 35. h3 h6 36. Rf6 Kg8 37. Rxc6 Rf8 38. Qg1 Qg3 39. Rxh6 Qxe1
0-1

[Event "Team B15 chess final 2018"]
[Site "Sochi"]
[Date "2018.05.10"]
[Round "9.1"]
[White "Kharitonov, Egor"]
[Black "Balayan, Eduard"]
[Result "1-0"]
[WhiteElo "2045"]
[BlackElo "1387"]
[PlyCount "77"]
[EventDate "2018.05.01"]

1. d4 Nf6 2. c4 g6 3. Nc3 Bg7 4. e4 O-O 5. Be3 d6 6. h3 e5 7. d5 Ne8 8. g4 f5
9. Bd3 f4 10. Bd2 a5 11. Nf3 Na6 12. Qe2 Bd7 13. Rc1 Nc5 14. Bc2 c6 15. Kf1 Rb8
16. a3 Na6 17. Rb1 Nec7 18. b4 axb4 19. axb4 b5 20. cxb5 cxb5 21. Bd3 Qc8 22.
Kg2 Qb7 23. Rhc1 Rfc8 24. Be1 Na8 25. Nd2 Bh6 26. f3 Bg5 27. Bf2 Bd8 28. Na2
Be8 29. Nb3 Qd7 30. Rxc8 Rxc8 31. Na5 Nxb4 32. Nxb4 Bxa5 33. Nc6 Qc7 34. Bxb5
Qb7 35. Nxa5 Qb8 36. Nc6 Bxc6 37. dxc6 Kg7 38. Qd3 Qc7 39. Ba6 1-0

[Event "Team B15 chess final 2018"]
[Site "Sochi"]
[Date "2018.05.10"]
[Round "9.2"]
[White "Korobchenko, Yuri"]
[Black "Kuzmin, Roman"]
[Result "0-1"]
[WhiteElo "1470"]
[BlackElo "1950"]
[PlyCount "102"]
[EventDate "2018.05.01"]

1. e4 e5 2. Nf3 Nc6 3. Bb5 a6 4. Ba4 d6 5. O-O Bd7 6. c3 Nf6 7. Qe2 g6 8. d4 b5
9. Bc2 Bg7 10. Re1 O-O 11. Nbd2 Re8 12. d5 Ne7 13. Nf1 c6 14. dxc6 Bxc6 15. Ng3
Qc7 16. Bb3 h6 17. Bd2 d5 18. exd5 Nexd5 19. Qd3 Rad8 20. Qc2 Ba8 21. a4 Qb7
22. axb5 axb5 23. h3 Kh7 24. Re2 Nb6 25. Be3 Nfd5 26. Nf1 f5 27. Bd2 e4 28. Ne1
Re7 29. Ne3 Nf4 30. Qd1 Nxe2+ 31. Qxe2 f4 32. Ng4 g5 33. Ra5 Qc6 34. Bc1 Nc4
35. Bxc4 bxc4 36. h4 Rd5 37. Ra1 Bb7 38. Nc2 e3 39. f3 Red7 40. Nb4 Rd1+ 41.
Kh2 Qe6 42. Nc2 R7d2 43. Bxd2 Rxd2 44. Nd4 Bxd4 45. Qe1 Bxf3 46. Qb1+ Be4 47.
Nf6+ Bxf6 48. Ra7+ Kg6 49. h5+ Kxh5 50. Qf1 Qg4 51. Kg1 Rxg2+ 0-1

[Event "Team B15 chess final 2018"]
[Site "Sochi"]
[Date "2018.05.10"]
[Round "9.3"]
[White "Garifullina, Leya"]
[Black "Zhugin, Nikolay"]
[Result "1-0"]
[WhiteElo "2061"]
[BlackElo "1352"]
[PlyCount "79"]
[EventDate "2018.05.01"]

1. e4 c5 2. Nf3 e6 3. d4 cxd4 4. Nxd4 a6 5. Bd3 Nf6 6. O-O Qc7 7. Qe2 d6 8. c4
b6 9. Nc3 Bb7 10. Be3 Nbd7 11. f3 Be7 12. Rfc1 Rc8 13. b3 O-O 14. Qf2 Ne5 15.
Bf1 Nfd7 16. Rc2 Bf6 17. Rac1 Rfd8 18. Na4 Nc5 19. Nb2 Ncd7 20. b4 Qb8 21. Na4
Nxc4 22. Bxc4 Bxd4 23. Bxd4 b5 24. Nb6 Nxb6 25. Bxb6 bxc4 26. Bxd8 Rxd8 27.
Rxc4 d5 28. Rc7 Ba8 29. exd5 Bxd5 30. Qc5 h6 31. Rc8 Rxc8 32. Qxc8+ Qxc8 33.
Rxc8+ Kh7 34. a4 Bb3 35. b5 axb5 36. axb5 Bd5 37. b6 g5 38. Rc7 Kg6 39. b7 Bxb7
40. Rxb7 1-0

[Event "Team B15 chess final 2018"]
[Site "Sochi"]
[Date "2018.05.10"]
[Round "9.4"]
[White "Pashinin, Maxim"]
[Black "Pingin, Artem"]
[Result "0-1"]
[WhiteElo "1248"]
[BlackElo "1972"]
[PlyCount "74"]
[EventDate "2018.05.01"]

1. e4 c5 2. c4 Nc6 3. Ne2 e6 4. d4 cxd4 5. Nxd4 Nf6 6. Nc3 Bb4 7. Nxc6 bxc6 8.
Bd3 e5 9. O-O O-O 10. Bg5 Be7 11. Qd2 h6 12. Bxf6 Bxf6 13. a3 Bg5 14. Qc2 d6
15. b4 g6 16. Rad1 Be6 17. Na4 f5 18. c5 d5 19. exd5 cxd5 20. Nc3 Qf6 21. Nb5
e4 22. Be2 Bf4 23. g3 Be5 24. f3 a6 25. Nd6 f4 26. fxe4 Bh3 27. Qd2 d4 28. Bc4+
Kh7 29. Rf2 Qe7 30. Bf1 fxg3 31. Rxf8 Rxf8 32. Bxh3 Rf2 33. Qd3 Qh4 34. Qxa6
Qxh3 35. Qb7+ Bg7 36. Qxg7+ Kxg7 37. Ne8+ Kh8 0-1

[Event "Team B15 chess final 2018"]
[Site "Sochi"]
[Date "2018.05.10"]
[Round "9.1"]
[White "Tsvetkov, Andrey"]
[Black "Kopylov, Artem"]
[Result "1-0"]
[WhiteElo "2216"]
[BlackElo "1696"]
[PlyCount "77"]
[EventDate "2018.05.01"]
[WhiteTeam "Ð¡Ð¨ "]

1. d4 Nf6 2. c4 c5 3. d5 b5 4. cxb5 a6 5. bxa6 Bxa6 6. Nc3 g6 7. e4 Bxf1 8.
Kxf1 d6 9. Nf3 Bg7 10. g3 O-O 11. Kg2 Nbd7 12. a4 Ra6 13. Qc2 Qa8 14. Nb5 Qb7
15. Bd2 Rfa8 16. Bc3 Nb6 17. b3 c4 18. bxc4 Rxa4 19. Rxa4 Rxa4 20. Nd2 Nfd7 21.
Bxg7 Kxg7 22. Rb1 Qc8 23. Nd4 Qa6 24. Nc6 f6 25. Nxe7 Nxc4 26. Nxc4 Rxc4 27.
Qe2 Qa4 28. Nc6 Rxe4 29. Qf3 Nc5 30. Rb8 Qa2 31. Rb7+ Nxb7 32. Qxe4 Qb3 33. Nd4
Qb6 34. Qe7+ Kh6 35. Nf5+ gxf5 36. Qxf6+ Kh5 37. Qxf5+ Kh6 38. Qf6+ Kh5 39. h3
1-0

[Event "Team B15 chess final 2018"]
[Site "Sochi"]
[Date "2018.05.10"]
[Round "9.2"]
[White "Kuznetsova, Olga"]
[Black "Vasilyev, Alexey"]
[Result "0-1"]
[WhiteElo "1439"]
[BlackElo "2074"]
[PlyCount "82"]
[EventDate "2018.05.01"]
[BlackTeam "Ð¡Ð¨ "]

1. Nf3 Nf6 2. g3 d5 3. Bg2 Bg4 4. c4 c6 5. d3 dxc4 6. dxc4 Qxd1+ 7. Kxd1 Nbd7
8. Nc3 O-O-O 9. Kc2 Bf5+ 10. Kb3 Nc5+ 11. Ka3 e6 12. b4 Nce4 13. Nxe4 Bxe4 14.
Be3 a5 15. c5 axb4+ 16. Kxb4 Nd5+ 17. Kc4 Nxe3+ 18. fxe3 Rd5 19. Rhd1 Rxc5+ 20.
Kd4 f5 21. Rac1 e5+ 22. Nxe5 Rd5+ 23. Kc4 Rxe5 24. Bxe4 Rxe4+ 25. Rd4 Rxd4+ 26.
exd4 Bd6 27. e3 Re8 28. Kd3 Kd7 29. Rb1 b5 30. Rf1 g6 31. g4 fxg4 32. Rf7+ Re7
33. Rf2 h5 34. Rg2 Rf7 35. e4 Rf3+ 36. Ke2 Bf4 37. e5 Re3+ 38. Kf1 Rd3 39. Re2
Rd1+ 40. Kf2 Rd2 41. Rxd2 Bxd2 0-1

[Event "Team B15 chess final 2018"]
[Site "Sochi"]
[Date "2018.05.10"]
[Round "9.3"]
[White "Girshgorn, Leonid"]
[Black "Kuznetsova, Yulia"]
[Result "1-0"]
[WhiteElo "1886"]
[BlackElo "1319"]
[PlyCount "95"]
[EventDate "2018.05.01"]
[WhiteTeam "Ð¡Ð¨ "]

1. d4 d5 2. c4 Nf6 3. Nc3 g6 4. Nf3 Bg7 5. Qb3 c5 6. cxd5 cxd4 7. Nxd4 Nxd5 8.
Qxd5 Bxd4 9. Qxd8+ Kxd8 10. Bf4 Bxc3+ 11. bxc3 f6 12. e4 Ke8 13. Bc4 e5 14. Bh6
Ke7 15. Bc1 Be6 16. Ba3+ Kf7 17. Bxe6+ Kxe6 18. O-O-O Rc8 19. Rd6+ Kf7 20. Rhd1
Na6 21. Rd7+ Kg8 22. Rxb7 Rxc3+ 23. Kb2 Rc6 24. Rdd7 Rb6+ 25. Kc2 Rc8+ 26. Kd2
Rxb7 27. Rxb7 Rc7 28. Rxc7 Nxc7 29. Bc5 a6 30. Kc3 f5 31. exf5 gxf5 32. Kb4
Nd5+ 33. Ka5 Nc3 34. a4 Kf7 35. Bb4 Nxa4 36. Kxa4 Ke6 37. Ka5 Kd5 38. Kxa6 Kc4
39. Bd6 e4 40. g3 Kd3 41. Bf4 Ke2 42. Be3 Kf3 43. Kb5 h5 44. Kc4 h4 45. gxh4
Kg4 46. Kd4 Kxh4 47. Ke5 Kg4 48. h3+ 1-0

[Event "Team B15 chess final 2018"]
[Site "Sochi"]
[Date "2018.05.10"]
[Round "9.4"]
[White "Komaev, Tamerlan"]
[Black "Dunaev, Denis"]
[Result "1/2-1/2"]
[WhiteElo "1184"]
[BlackElo "1823"]
[PlyCount "136"]
[EventDate "2018.05.01"]
[BlackTeam "Ð¡Ð¨ "]

1. e4 e6 2. d3 d5 3. Nd2 c5 4. Ngf3 Nc6 5. g3 Nf6 6. Bg2 g6 7. O-O Bg7 8. Re1
O-O 9. Qe2 Re8 10. Nf1 e5 11. exd5 Nxd5 12. N1d2 Bg4 13. h3 Nd4 14. Qd1 Bxf3
15. Nxf3 Qd7 16. Bd2 Rad8 17. Kh2 b6 18. a3 Ne7 19. Be3 Nec6 20. Qd2 Nxf3+ 21.
Bxf3 Nd4 22. Bg2 Qf5 23. Qd1 h5 24. Be4 Qd7 25. h4 Ne6 26. Qf3 Qd6 27. Qg2 f5
28. Bc6 Rf8 29. Rad1 f4 30. Bd2 Nd4 31. Be4 f3 32. Qh3 Nxc2 33. Rf1 Nd4 34. g4
hxg4 35. Qxg4 Nf5 36. Rg1 Qd4 37. Rdf1 Qd6 38. Qxg6 Qxg6 39. Rxg6 Nxh4 40. Rg4
Nf5 41. Rfg1 Rd7 42. Bxf5 Rxf5 43. Kg3 Rxd3 44. Bh6 Rd7 45. Kh4 Rff7 46. Bxg7
Rxg7 47. Rxg7+ Rxg7 48. Rxg7+ Kxg7 49. Kg5 e4 50. Kf4 Kf6 51. Kxe4 Ke6 52. Kxf3
Kf5 53. Ke3 b5 54. f3 Ke5 55. f4+ Kf5 56. Kf3 a5 57. Ke3 a4 58. Kf3 b4 59. Ke3
bxa3 60. bxa3 c4 61. Kd4 Kxf4 62. Kxc4 Ke4 63. Kb4 Kd4 64. Kxa4 Kc4 65. Ka5 Kc5
66. a4 Kc6 67. Ka6 Kc7 68. a5 Kb8 1/2-1/2

[Event "Team B15 chess final 2018"]
[Site "Sochi"]
[Date "2018.05.10"]
[Round "9.1"]
[White "Kuznetsov, Sergey"]
[Black "Kirushin, Ivan"]
[Result "0-1"]
[WhiteElo "1708"]
[BlackElo "1800"]
[PlyCount "134"]
[EventDate "2018.05.01"]
[BlackTeam "Ð¡Ð¨ÐžÐ  "]

1. e4 e5 2. Nf3 Nc6 3. Bb5 Nf6 4. O-O Nxe4 5. Re1 Nd6 6. Bxc6 dxc6 7. Nxe5 Be7
8. Nc3 O-O 9. d3 Bf6 10. Ng4 Bd4 11. Be3 c5 12. h3 Nf5 13. Rb1 Be6 14. a3 Re8
15. Kh1 Qh4 16. Nh2 h6 17. Nf3 Qd8 18. Ne4 Ba2 19. Ra1 Bd5 20. Nxd4 cxd4 21.
Bf4 Qh4 22. Bxc7 Bxe4 23. dxe4 Rxe4 24. Qf3 Rae8 25. Rf1 g6 26. Bg3 Qe7 27. Qb3
Re3 28. Qd5 Qe4 29. Qxe4 Nxg3+ 30. fxg3 R8xe4 31. g4 Re2 32. Rac1 Rd2 33. Rfd1
Ree2 34. Rxd2 Rxd2 35. Kg1 f5 36. gxf5 gxf5 37. b3 Kf7 38. Kf1 Ke6 39. Re1+ Kd5
40. Re2 Rd1+ 41. Re1 Rxe1+ 42. Kxe1 Ke4 43. Ke2 Kf4 44. Kf2 h5 45. g3+ Ke4 46.
Ke2 b6 47. Kf2 a5 48. Ke2 b5 49. Kf2 d3 50. cxd3+ Kxd3 51. Kf3 Kc3 52. Kf4 Kxb3
53. Kxf5 Kxa3 54. g4 b4 55. gxh5 b3 56. h6 b2 57. Kg6 b1=Q+ 58. Kg7 Qb7+ 59.
Kg8 Qc8+ 60. Kg7 Qd7+ 61. Kg8 Qd8+ 62. Kg7 Qg5+ 63. Kh7 Kb4 64. h4 Qxh4 65. Kg7
Qg5+ 66. Kh7 a4 67. Kh8 Qxh6+ 0-1

[Event "Team B15 chess final 2018"]
[Site "Sochi"]
[Date "2018.05.10"]
[Round "9.2"]
[White "Smelykh, Edvin"]
[Black "Matushchak, Nikita"]
[Result "0-1"]
[WhiteElo "1937"]
[BlackElo "1737"]
[PlyCount "166"]
[EventDate "2018.05.01"]
[WhiteTeam "Ð¡Ð¨ÐžÐ  "]

1. e4 e6 2. d4 d5 3. Nd2 c5 4. Ngf3 Nc6 5. exd5 exd5 6. Bb5 Bd6 7. O-O Nge7 8.
dxc5 Bxc5 9. Nb3 Bb6 10. c3 O-O 11. h3 Qd6 12. Qc2 Bf5 13. Bd3 Bxd3 14. Qxd3
Ng6 15. Nbd4 Nxd4 16. cxd4 Bc7 17. Re1 Rfe8 18. Bd2 Bb6 19. Qb5 Re4 20. Bb4 Qd8
21. g3 h6 22. Qd3 Qe8 23. Bc5 Qe6 24. Bxb6 axb6 25. Kg2 Re8 26. Rec1 f5 27. Rc7
f4 28. g4 Re2 29. Rc2 Rxc2 30. Qxc2 Rc8 31. Qf5 Qxf5 32. gxf5 Ne7 33. f6 gxf6
34. Re1 Kf7 35. Re2 Nf5 36. Rd2 Rc1 37. Kh2 Nd6 38. Re2 Ne4 39. Kg2 Rd1 40. Rc2
Rb1 41. b3 Ke6 42. Nd2 Rd1 43. Nf3 Kd7 44. Re2 Rd3 45. Rc2 Ng5 46. Nxg5 hxg5
47. Re2 Rxd4 48. Kf3 Rd3+ 49. Kg4 d4 50. Kf5 Rxh3 51. Kxf6 g4 52. Kf5 g3 53.
fxg3 fxg3 54. Rd2 g2 55. Rxg2 Kd6 56. Ke4 Rh4+ 57. Kd3 Kc5 58. Rc2+ Kd5 59. Rg2
Rh3+ 60. Kd2 Kc5 61. Rg5+ Kb4 62. Rg4 Ka3 63. Rxd4 Kxa2 64. b4 Kb3 65. b5 Rh5
66. Rd7 Rxb5 67. Rxb7 Rb4 68. Rh7 b5 69. Rh3+ Kb2 70. Rh5 Rb3 71. Rc5 b4 72.
Rb5 Ka2 73. Kc2 Rc3+ 74. Kd2 Kb3 75. Rb8 Rc7 76. Rb6 Ka3 77. Ra6+ Kb2 78. Rb6
b3 79. Kd3 Ka2 80. Ra6+ Kb1 81. Rb6 b2 82. Kd2 Ra7 83. Kc3 Ka1 0-1

[Event "Team B15 chess final 2018"]
[Site "Sochi"]
[Date "2018.05.10"]
[Round "9.3"]
[White "Derevschikov, Nikita"]
[Black "Fridman, Roman A"]
[Result "1/2-1/2"]
[WhiteElo "1593"]
[BlackElo "1735"]
[PlyCount "148"]
[EventDate "2018.05.01"]
[BlackTeam "Ð¡Ð¨ÐžÐ  "]

1. e4 c5 2. Nf3 e6 3. c3 d5 4. exd5 Qxd5 5. d4 Nf6 6. Na3 Nc6 7. Nb5 Qd8 8.
dxc5 Bxc5 9. Qxd8+ Kxd8 10. Bf4 Ne4 11. Bg3 Nxg3 12. hxg3 Ke7 13. a4 a6 14. Na3
Bd7 15. Nc2 Bd6 16. Be2 h6 17. O-O Rab8 18. Rfd1 g5 19. Rd2 Rbd8 20. Ne3 Na5
21. Bd1 f6 22. Bc2 Be8 23. Rad1 Bh5 24. g4 Bf7 25. Nd4 Bc7 26. b4 Nc6 27. Nxc6+
bxc6 28. Rxd8 Rxd8 29. Rxd8 Kxd8 30. Bd3 a5 31. Kf1 Be5 32. Nd1 axb4 33. cxb4
Be8 34. Ne3 Bc3 35. Nc2 Kc7 36. Ke2 h5 37. gxh5 Bxh5+ 38. f3 Kb6 39. Ke3 Bf7
40. Bc4 Bg6 41. Bd3 f5 42. g4 f4+ 43. Ke2 Be8 44. Bc4 e5 45. Kd3 Bb2 46. Kd2
Bg6 47. Ne1 e4 48. fxe4 Bxe4 49. Bd3 Bxd3 50. Kxd3 Bf6 51. Kc4 Be7 52. Nf3 Bf6
53. a5+ Kb7 54. Kc5 Be7+ 55. Kc4 Bf6 56. Nd2 Be7 57. Nf3 Bf6 58. b5 cxb5+ 59.
Kxb5 Ka7 60. Nd2 Bc3 61. Nf3 Bf6 62. a6 Ka8 63. Kb6 Bd8+ 64. Kb5 Bf6 65. Nd2
Bd8 66. Kc6 Ka7 67. Kb5 Be7 68. Nf3 Bf6 69. Ka5 Bd8+ 70. Kb5 Bf6 71. Nh2 Bd8
72. Nf3 Bf6 73. Ng1 Bd4 74. Nf3 Bf6 1/2-1/2

[Event "Team B15 chess final 2018"]
[Site "Sochi"]
[Date "2018.05.10"]
[Round "9.4"]
[White "Sukiasian, Anait"]
[Black "Maisakov, Mikhail"]
[Result "1-0"]
[WhiteElo "1721"]
[BlackElo "1561"]
[PlyCount "77"]
[EventDate "2018.05.01"]
[WhiteTeam "Ð¡Ð¨ÐžÐ  "]

1. d4 Nf6 2. c4 e6 3. Nc3 b6 4. Bg5 Bb7 5. e3 Be7 6. Nf3 d5 7. cxd5 Nxd5 8.
Nxd5 Bxd5 9. Bxe7 Qxe7 10. a3 O-O 11. Be2 Rd8 12. Qc2 a5 13. O-O Ra7 14. Rac1
Nd7 15. Nd2 Nf6 16. Bf3 Rc8 17. Bxd5 Nxd5 18. Qc6 Qg5 19. Ne4 Qd8 20. Rc2 Ne7
21. Qa4 c6 22. Rfc1 Rd7 23. Rc3 Qc7 24. Qc2 h6 25. Nd2 e5 26. Nf3 exd4 27. Nxd4
c5 28. Nf3 Rcd8 29. h3 Ng6 30. b4 Ne5 31. Nxe5 Qxe5 32. bxc5 Rd2 33. Qa4 bxc5
34. Rxc5 Qb2 35. Rf1 Qf6 36. Qxa5 Kh7 37. Rf5 Qd6 38. Rxf7 Ra2 39. Qc7 1-0